| 000 | 00635nam a22001937a 4500 | ||
|---|---|---|---|
| 003 | NUST-PNEC | ||
| 005 | 20170116180716.0 | ||
| 008 | 141020b xxu||||| |||| 00| 0 eng d | ||
| 020 | _a0003751163 | ||
| 040 | _cPNEC | ||
| 082 | _a423 | ||
| 100 |
_9707 _aCobuild |
||
| 245 |
_aCollins Gem Cobuild English Dictionary: For Learners of English _cCobuild |
||
| 260 |
_aLondon : _bHarperCollins, _c1999 |
||
| 300 |
_a640 p. ; _c12 cm. |
||
| 500 | _ahttp://www.amazon.com/Collins-Gem-COBUILD-Dictionary-Learners/dp/0003751163/ref=sr_1_1?s=books&ie=UTF8&qid=1413792816&sr=1-1&keywords=0003751163 | ||
| 650 | _xGeneral | ||
| 942 |
_2ddc _cBK |
||
| 999 |
_c61171 _d61171 |
||